Las Vegas - Culture générale - Statistiques

Statistiques générales
  • Ce quiz a été pris 779 fois
    745 depuis la dernière actualisation
  • Le résultat moyen est 7 sur 15
Statistiques - réponses
Information Réponse % Correct
État dans lequel se trouve Las Vegas Nevada
95%
Reproduction d'un monument parisien observable au Paris Las Vegas Tour Eiffel
85%
Chanteuse québécoise qui donnait des spectacles jusqu'en 2019 Céline Dion
83%
Ce que l'on peut faire en 10 minutes dans certaines chapelle de la ville Se marier
77%
Groupe de rock connu pour Radioactive (2012) ou Believer (2017) Imagine Dragons
55%
Surnom donné à la ville, également un film avec Bruce Willis {Sin} City
55%
Grande avenue où se trouve la majorité des casinos Strip
46%
Chanteur de Viva Las Vegas (1964) Elvis Presley
43%
Champion de tennis aux 8 titres de Grand Chelem né ici Andre Agassi
35%
Film oscarisé mettant en scène un autiste doué pour compter les cartes au Black Jack Rain Man
35%
Plus grand salon de l'innovation technologique au monde CES Las Vegas
25%
Célèbre barrage sur le Colorado qui fournit énergie et eau à la ville {Hoover} Dam
25%
Désert qui entoure la ville de Las Vegas Désert de {Mojave}
22%
Premier hôtel de Las Vegas nommé d'après un oiseau Flamingo
15%
Célèbre casino où l'on peut se promener à bord d'une gondole The Venetian
15%
Aucun quiz correspondant
Distribution des résultats
% des personnes avec chaque résultat
Percentile par nombre de réponses
Votre historique - résultats
Vous n’avez pas pris ce quiz depuis la dernière actualisation